[Event "CAMPEONATO CONTINENTAL ABSOLUT"]
[Site "Hotel Torre de Cali, Cali, Co"]
[Date "2007.07.18"]
[Round "9.19"]
[White "Ramirez, Carlos"]
[Black "Fier, Alexander"]
[Result "0-1"]
[WhiteElo "2241"]
[BlackElo "2527"]
[PlyCount "123"]
[EventDate "2007.07.10"]
[EventType "swiss"]
[EventRounds "11"]
[EventCountry "COL"]

1. Nf3 Nf6 2. d4 g6 3. c4 Bg7 4. Nc3 d5 5. Qb3 dxc4 6. Qxc4 O-O 7. e4 Na6 8.
Be2 c5 9. d5 e6 10. O-O exd5 11. exd5 Bf5 12. Be3 Re8 13. Rfd1 Rc8 14. Rac1 Ng4
15. Bg5 Qd7 16. Bf1 Nf6 17. Qh4 Qd6 18. Nd2 Ng4 19. Nc4 Qd7 20. h3 h6 21. Bd2
g5 22. Qg3 Nf6 23. Ne3 Ne4 24. Qf3 Nd6 25. Bb5 Nxb5 26. Qxf5 Qxf5 27. Nxf5 Nxc3
28. Bxc3 Bxc3 29. bxc3 Rcd8 30. Nxh6+ Kg7 31. Nf5+ Kf6 32. Ne3 Re4 33. c4 Nc7
34. Rb1 b6 35. a4 Na6 36. a5 Nb4 37. axb6 axb6 38. Ra1 Re7 39. Rd2 Rb7 40. g4
b5 41. cxb5 Rxb5 42. d6 Rb6 43. Nc4 Ra6 44. Re1 Nc6 45. Rd5 Nd4 46. Kg2 Ne6 47.
Rf5+ Kg7 48. Rxe6 fxe6 49. Rxg5+ Kf6 50. Rxc5 Ra4 51. Kg3 e5 52. Nxe5 Rxd6 53.
g5+ Ke6 54. f4 Rd1 55. Rc6+ Kf5 56. Rf6+ Ke4 57. Kg4 Rg1+ 58. Kh5 Ra8 59. Ng6
Ra7 60. Kh6 Kf3 61. h4 Rh1 62. h5 $4 (62. Ne5+ $142 $18 Ke3 63. h5) 0-1